| 000 | 01247nas a2200289 4500 | ||
|---|---|---|---|
| 001 | BR8000222 | ||
| 003 | BR-BrBNA | ||
| 005 | 20231205084105.0 | ||
| 007 | ta | ||
| 008 | 230509b bl.|||p| |||| 00| 00por d | ||
| 040 |
_aBR-BrBNA _bpor _cBiblioteca Nacional de Agricultura |
||
| 041 | _a(Pt) | ||
| 072 | _aH10 | ||
| 100 | 1 | _aBusoli, A.C. | |
| 100 | 1 | _aGallo, D. | |
| 100 | 1 | _aLara, F.M. | |
| 100 | 1 | _aSicci, S.O. | |
| 245 | 1 | _aInfluencia de epocas de plantio de sorgo (Sorghum bicolor (L.)Moench)sobre a incidencia de Contarinia sorghicola (Coquillett, 1898)(Diptera - Cecidomyiidae)e Diatraea saccharalis (Fabricius, 1794)(Lepidoptera - Pyralidae)[Sorgo granifero; Mosca; Broca] | |
| 246 | 1 | _aInfluence of various plantings of sorghum (Sorghum bicolor (L.)Moench)on incidence of Contarinia sorghicola (Coquillett, 1898)(Diptera - Cecidomyiidae)and Diatrea saccharalis (Fabricius, 1794)(Lepidoptera - Pyralidae)[Grain sorghum; Fly; Borer] | |
| 650 | _aPraga de planta | ||
| 650 | _aSorgo granifero | ||
| 650 | _aMosca | ||
| 650 | _aBroca | ||
| 773 | 0 |
_tAnais da Sociedade Entomologica do Brasil (Brazil) _xISSN 0301-8059 _g(1979), v. 8(1) p. 103-11o _wBR8000222 |
|
| 909 |
_a202311 _bLúcia _c55 _dLúcia Elande |
||
| 942 |
_2AGRIS _n0 _cANA |
||
| 999 |
_c103077 _d103077 |
||